000 01247nam a2200337 c 4500
003 BLK
005 20241104145346.0
008 180408b bul|||||r ||||||| ||bul||
010 _aKNG00070286000
020 _a954-701-186-3
_bиздат.: Компас
040 _aBLK
041 _aBUL
_cBUL
080 _aАмериканска литература (на САЩ)
_b821.111(73)
_x-31
_z821.111(73)-31
100 1 _aГулд, Джудит
_eпърви автор
_9242161
700 1 _aКостурова-Парашкевова, Мария
_eпрев.
_983327
139 _aГулд, Джудит
_bГ 92
245 1 0 _aКораб на мечтите
_bРоман
_cДжудит Гулд; прев. Мария Костурова-Парашкевова.
257 _aUSA
260 Варна
_bКомпас
_c2006
_fВ. Търново : Абагар
300 _a384 с.
_c20 см
380 _aX
490 1 _aИзбрани романи
500 _aОриг. загл. Dream Boat / Judith Gould.
653 _aромани
852 _aЦб 230616
856 4 _qpdf
_u
856 4 _qpdf
_u
942 _cKNG
_n0
_045
944 _aCR
_c28.12.2006
_lРусанова Ирена
_k30542
944 _aED
_c19.02.2013
_lф /
_k
999 _c66000
_d66000